UM Logo

Pagpasya at pagkilos nang may pananagutan tungo sa kabutihan nang lahat / (Record no. 22087)

MARC details
000 -LEADER
fixed length control field 00573nam a22001457a 4500
005 - DATE AND TIME OF LATEST TRANSACTION
control field 20241217100553.0
008 - FIXED-LENGTH DATA ELEMENTS--GENERAL INFORMATION
fixed length control field 241002b |||||||| |||| 00| 0 eng d
082 ## - DEWEY DECIMAL CLASSIFICATION NUMBER
Edition number DPer050 M72 January-March 2018 v. 66 no. 8-10
100 ## - MAIN ENTRY--PERSONAL NAME
Personal name Abejuela, Peter S.
Relator term author.
9 (RLIN) 61970
245 ## - TITLE STATEMENT
Title Pagpasya at pagkilos nang may pananagutan tungo sa kabutihan nang lahat /
Statement of responsibility, etc. Peter S. Abejuela.
260 ## - PUBLICATION, DISTRIBUTION, ETC. (IMPRINT)
Place of publication, distribution, etc. Philippines;
Name of publisher, distributor, etc. Publishers Association of the Philippines, Inc.,
Date of publication, distribution, etc. November 2018.
300 ## - PHYSICAL DESCRIPTION
Extent Volume 66, pages 237.
700 ## - ADDED ENTRY--PERSONAL NAME
Personal name Abejuela, Peter S.
Relator term author.
9 (RLIN) 61971
942 ## - ADDED ENTRY ELEMENTS (KOHA)
Source of classification or shelving scheme Dewey Decimal Classification
Koha item type Periodicals
Holdings
Withdrawn status Lost status Source of classification or shelving scheme Damaged status Not for loan Collection code Home library Current library Date acquired Total Checkouts Date last seen Price effective from Koha item type Public note
    Dewey Decimal Classification     Periodicals UM Digos College - LIC UM Digos College - LIC 10/02/2024   10/02/2024 10/02/2024 Periodicals Periodical Article